000 00706nam a2200241Ia 4500
003 OSt
005 20220918163156.0
006 a|||||r|||| 00| 0
007 ta
008 220917b |||||||| |||| 00| 0 eng d
020 _a9.78067E+12
_c499
024 _a259,037
037 _bIN4363, 14/11/2011, New India Book Agency
_cTextual
040 _aARTS
_cARTS
_beng
041 _2eng
_aeng
082 _a4wN41,1, Q1
100 _aMehta Vinod
_911728
245 0 _aLucknow boy
_b A memoir
260 _aNew Delhi
_bViking India
_c2011
300 _axiv,325p.
_ccm.
942 _h4wN41,1, Q1
_cTEXL
_2CC
999 _c118188
_d118188